| 000 | 00567nam a22001817a 4500 | ||
|---|---|---|---|
| 999 |
_c186176 _d186176 |
||
| 005 | 20220216100103.0 | ||
| 010 | _aENG-131609 | ||
| 020 |
_a9788178244594 _c795.00 |
||
| 035 | _aEN-115141 | ||
| 037 | _bDBAD | ||
| 082 | _a304.20954 | ||
| 100 | _aRangarajan, Mahesh | ||
| 245 |
_aNature & Nation: _bEssays on Environmental History/ _cMahesh Rangarajan |
||
| 260 |
_aRanikhet _bPermanent Black _c2015 |
||
| 270 |
_aMall Road, Ranikhet Cantt _bRanikhet _e263645 _mperblack@gmail.com |
||
| 300 |
_a346p. _c22cm(hbk) |
||
| 942 |
_2ddc _cEN _h304.20954 _mRAN |
||